U.S. Highway Signs By State - Statistics

General Stats
  • This quiz has been taken 15,551 times
    15,534 since last reset
  • The average score is 10 of 16
Answer Stats
Picture Answer % Correct
Florida
97%
Oklahoma
94%
Louisiana
88%
Washington
87%
Colorado
86%
Arkansas
74%
Missouri
73%
Alaska
69%
Alabama
61%
New Mexico
60%
Wyoming
56%
Georgia
53%
Utah
42%
Nebraska
30%
New Hampshire
27%
Kansas
23%
No matching quizzes found
Score Distribution
Percent of People with Each Score
Percentile by Number Answered
Your Score History
You have not taken this quiz since the last reset